Faculty of Law Library — Cairo University

Official Online Catalog

حجية القياس في العقوبات ومدى معارضتها مبدأ الشريعة الجنائية في الشريعة الإسلامية : (Record no. 67588)

MARC details
000 -LEADER
fixed length control field 01608nam a2200337 i 4500
003 - CONTROL NUMBER IDENTIFIER
control field EG-GICUC
005 - DATE AND TIME OF LATEST TRANSACTION
control field 20260330170649.0
008 - FIXED-LENGTH DATA ELEMENTS--GENERAL INFORMATION
fixed length control field 260330s2015 ua ||||fr|||| 000 0 ara d
017 ## - COPYRIGHT OR LEGAL DEPOSIT NUMBER
Copyright or legal deposit number 2090-72-81
040 ## - CATALOGING SOURCE
Original cataloging agency EG-GICUC
Language of cataloging ara
Transcribing agency EG-GICUC
Modifying agency EG-GICUC
Description conventions rda
041 0# - LANGUAGE CODE
Language code of text/sound track or separate title ara
082 04 - DEWEY DECIMAL CLASSIFICATION NUMBER
Edition number 21
Classification number 255
Item number ج م . ح
092 04 - LOCALLY ASSIGNED DEWEY CALL NUMBER (OCLC)
Edition number 21
099 ## - LOCAL FREE-TEXT CALL NUMBER (OCLC)
Classification number Law1 01 255 ج م . ح 2015
100 0# - MAIN ENTRY--PERSONAL NAME
Personal name جمال عبدالستار عبدالله حسن.
Relator term مؤلف.
245 10 - TITLE STATEMENT
Title حجية القياس في العقوبات ومدى معارضتها مبدأ الشريعة الجنائية في الشريعة الإسلامية :
Remainder of title دراسة أصولية فقهية مقارنة بالقانون الوضعي /
Statement of responsibility, etc. جمال عبدالستار عبدالله حسن.
264 #1 - PRODUCTION, PUBLICATION, DISTRIBUTION, MANUFACTURE, AND COPYRIGHT NOTICE
Place of production, publication, distribution, manufacture بنها :
Name of producer, publisher, distributor, manufacturer جامعة بنها،
Date of production, publication, distribution, manufacture, or copyright notice 2015.
300 ## - PHYSICAL DESCRIPTION
Extent 140 صفحة، صفحات غير مرقمة ؛
Dimensions 24 سم.
336 ## - CONTENT TYPE
Source rda content
Content type term text
337 ## - MEDIA TYPE
Source rda media
Media type term Computer
338 ## - CARRIER TYPE
Source rda carrier
Carrier type term Online Resource
500 ## - GENERAL NOTE
General note مستلة من مجلة الفكر القانوني والإقتصادي مجلة نصف سنوية محكمة تصدرها كلية الحقوق - جامعة بنها.<br/>السنة الخامسة - العدد الأول - 2015.
504 ## - BIBLIOGRAPHY, ETC. NOTE
Bibliography, etc. note ببليوجرافيا: صفحات 127 - 138
504 ## - BIBLIOGRAPHY, ETC. NOTE
Bibliography, etc. note يشتمل على إرجاعات ببليوجرافية.<br/><br/>
546 ## - LANGUAGE NOTE
Language note النص باللغة العربية
650 1# - SUBJECT ADDED ENTRY--TOPICAL TERM
Topical term or geographic name entry element الجنايات
Source of heading or term qrmak
651 1# - SUBJECT ADDED ENTRY--GEOGRAPHIC NAME
Source of heading or term qrmak
856 40 - ELECTRONIC LOCATION AND ACCESS
Uniform Resource Identifier <a href="https://fll.law.cu.edu.eg/fulltext/bks/B01-06436.pdf">https://fll.law.cu.edu.eg/fulltext/bks/B01-06436.pdf</a>
905 ## - Cataloger and Reviser Names
Cataloger Name: Omar
942 ## - ADDED ENTRY ELEMENTS (KOHA)
Source of classification or shelving scheme Dewey Decimal Classification
Suppress in OPAC No
Koha item type Books
Edition 21
Holdings
Withdrawn status Lost status Source of classification or shelving scheme Damaged status Not for loan Collection Home library Current library Date acquired Total checkouts Full call number Barcode Date last seen Copy number Price effective from Koha item type
    Dewey Decimal Classification   Not for loan الشريعة الإسلامية جــــامعة القــاهرة مكتبة كلية الحقوق - المبنى الرئيسي 30.03.2026   Law1 01 255 ج م . ح 2015 0106436 C1 B01-06436 30.03.2026 1 30.03.2026 Books

© All rights reserved — Faculty of Law, Cairo University